000 00945nam a22002651u 4500
001 06100
003 HDC
007 cr bn ---
008 210122p xx fo d 00 engg
040 _aHDC
100 _aDATO' DR. MOHD HASHIM TAJUDIN
_95664
245 0 _aWORLD HALAL FORUM 2008 :
_bHALAL PHARMACEUTICALS : A NEW DIMENSION /
_cby DATO' DR. MOHD HASHIM TAJUDIN
260 _a[No place] :
_b[publisher not identified],
_c2008
300 _a16 pages :
_bIllustrations
336 _atext
_2rdacontent
337 _acomputer
_2rdamedia
338 _aonline resource
_2rdacarrier
650 _aHalal Growth Sector
_96401
650 _aHalal industry
_9144
650 _aHalal pharmaceuticals
_91242
856 _zRequest full-text at [email protected]
942 _2lcc
942 _cSLIDE
942 _kSLID 000700
999 _c3424
_d3424